An overview of the NTFP sub-sector in Vietnam
NTFPs have provided essential, supplementary, and luxury materials to human communities for probably as long as and forests have co-existed. But even to day NTFPs continue to play vitals roles in the livehoods of communities,...
Enregistré dans:
| Collectivité auteur: | |
|---|---|
| Format: | Livre |
| Langue: | Undetermined |
| Publié: |
Hà Nội
Viện Khoa học Lâm nghiệp Việt Nam
2002
|
| Sujets: | |
| Tags: |
Ajouter un tag
Pas de tags, Soyez le premier à ajouter un tag!
|
| Thư viện lưu trữ: | Trung tâm Học liệu Trường Đại học Cần Thơ |
|---|
| LEADER | 00969nam a2200205Ia 4500 | ||
|---|---|---|---|
| 001 | CTU_142633 | ||
| 008 | 210402s9999 xx 000 0 und d | ||
| 082 | |a 634.98 | ||
| 082 | |b V305 | ||
| 110 | |a Viện Khoa học Lâm nghiệp Việt Nam | ||
| 245 | 3 | |a An overview of the NTFP sub-sector in Vietnam | |
| 245 | 0 | |c Viện Khoa học Lâm nghiệp Việt Nam. Trung tâm nghiên cứu lâm đặc sản | |
| 260 | |a Hà Nội | ||
| 260 | |b Viện Khoa học Lâm nghiệp Việt Nam | ||
| 260 | |c 2002 | ||
| 520 | |a NTFPs have provided essential, supplementary, and luxury materials to human communities for probably as long as and forests have co-existed. But even to day NTFPs continue to play vitals roles in the livehoods of communities,... | ||
| 650 | |a Forest products,Sustainable forestry | ||
| 650 | |x Sử dụng lâm sản bền vững | ||
| 904 | |i Năm | ||
| 980 | |a Trung tâm Học liệu Trường Đại học Cần Thơ | ||